Maat ilman kirjaimia SUOMI - Statistics

Yleistilastot
  • Tätä visaa on pelattu 1 349 kertaa
  • Keskiarvotulos 3 / 7
Vastaustilastot
maanosa vastaus % Oikein
Amerikka Kanada
69%
Eurooppa Venäjä
67%
Aasia Nepal
41%
Aasia Qatar
34%
Afrikka Ghana
30%
Amerikka Grenada
21%
Afrikka Kap Verde
17%
Ehtoja vastaavia visoja ei löytynyt
Tulosjakauma
Jokaisen tuloksen saaneiden osuus
Persentiili vastausten määrän mukaan
Tuloshistoriasi
Et ole pelannut tätä visaa